| 000 | 01357nam a2200361 i 4500 | ||
|---|---|---|---|
| 003 | DO-SdBNP | ||
| 005 | 20260302104244.0 | ||
| 006 | a||||gr|||| 00| 0 | ||
| 007 | ta | ||
| 008 | 210120b1995 dr ||||gr|||| 001 fdspa d | ||
| 020 | _a8486001768 | ||
| 040 |
_aDO-SdBNP _bspa _cBNPHU _erda |
||
| 041 | _aspa | ||
| 082 | 4 |
_aRD863.44 _bA473ent 1995 _222 |
|
| 100 | 1 |
_aÁlvarez, Julia, _d1950- _eautora _95624 |
|
| 245 | 1 | 3 |
_aEn el tiempo de las mariposas / _cJulia Álvarez ; traducción de José Alcántara Almánzar , Juan Ducoudray. |
| 250 | _aSegunda edición | ||
| 264 | 4 |
_aBuenos Aires : _bEditorial Atlántida, _c©1995. |
|
| 300 |
_a359 páginas ; _c22 cm. |
||
| 336 |
_atexto _btxt _2rdacontent |
||
| 337 |
_asin mediación _bn _2rdamedia |
||
| 338 |
_avolumen _bnc _2rdacarrier |
||
| 490 | 0 |
_aBiblioteca Taller ; _v314 |
|
| 500 | _aDistinguido en EE.EE. como el Libro Notable del Año 1995 (Notable Book of the Year) | ||
| 590 | _aInventariado, 2023 / MF | ||
| 650 | 4 |
_aNovela histórica dominicana. _9860 |
|
| 650 | 4 | _aLiteratura dominicana | |
| 651 | 0 |
_aREPÚBLICA DOMINICANA _xHISTORIA _yERA DE TRUJILLO, 1930-1961 _xNOVELA _921999 |
|
| 700 | 1 |
_aAlcántara Almánzar, José _d1946- _etraductor _4trad. _97018 |
|
| 700 | 1 |
_aAlcántara Almánzar, José _d1946- _etraductor _97018 |
|
| 910 | _aValidado. Control de calidad MFF | ||
| 942 |
_2ddc _cLBS1 |
||
| 999 |
_c49336 _d49336 |
||